| 000 | 05143cam a22019094i 4500 | ||
|---|---|---|---|
| 003 | PE-LiUPU | ||
| 005 | 20250813165500.0 | ||
| 008 | 171110s2014 ve a rb 000 0 spa d | ||
| 020 | _a9588816467 | ||
| 020 | _a9789588816463 | ||
| 035 | _a(Sirsi) a240063 | ||
| 040 |
_aPE-LiUPU _bspa _cPE-LiUPU _erda |
||
| 049 | _aPRUA | ||
| 082 | 0 | 4 |
_a617.05 _bV71 _220 |
| 100 | 1 |
_aVinatea, Jose de, _eautor. |
|
| 245 | 1 | 0 |
_aCiencia y práctica en cirugía laparoscópica / _cJosé De Vinatea, Carlos Velásquez Hawkins, Eduardo Huamán Egoávil. |
| 264 | 1 |
_aVenezuela : _bAmolca, _c2014. |
|
| 300 |
_axxv, 687 páginas : _bilustraciones ; _c29 centímetros |
||
| 300 | _a2 CD-ROM | ||
| 336 |
_atext _2rdacontent |
||
| 337 |
_aunmediated _2rdamedia |
||
| 338 |
_avolume _2rdacarrier |
||
| 504 | _aBibliografía al final de cada capítulo. | ||
| 505 | 0 | _aAbdomen agudo I -- Apendicitis aguda -- Traumatismo abdominal -- Vesícula y vias biliares -- Hernias de la pared abdominal -- Unión esofagogástrico -- Diafragma -- Estómago -- Cirugía bariátrica y metabólica -- Bazo -- Miscelánea. | |
| 526 | _aP203 | ||
| 526 | _aP200 | ||
| 526 | _aSEG65 | ||
| 526 | _aSEG64 | ||
| 526 | _aSEG63 | ||
| 526 | _aSEG62 | ||
| 526 | _aSEG61 | ||
| 526 | _aSEG60 | ||
| 526 | _aSEG59 | ||
| 526 | _aSEG58 | ||
| 526 | _aSEG57 | ||
| 526 | _aSEG56 | ||
| 526 | _aSEG55 | ||
| 526 | _aSEG54 | ||
| 526 | _aSEG53 | ||
| 526 | _aSEG52 | ||
| 526 | _aSEG51 | ||
| 526 | _aSEG50 | ||
| 526 | _aSEG49 | ||
| 526 | _aSEG48 | ||
| 526 | _aSEG47 | ||
| 526 | _aSEG46 | ||
| 526 | _aSEG24 | ||
| 526 | _aSEG23 | ||
| 526 | _aSEG22 | ||
| 526 | _aSEG21 | ||
| 526 | _aSEG20 | ||
| 526 | _aSEG19 | ||
| 526 | _aSEG18 | ||
| 526 | _aSEG17 | ||
| 526 | _aSEG16 | ||
| 526 | _aSEG14 | ||
| 526 | _aSEG13 | ||
| 526 | _aSEG12 | ||
| 526 | _aSEG11 | ||
| 526 | _aSEG10 | ||
| 526 | _aSEG09 | ||
| 526 | _aSEG06 | ||
| 526 | _aSEG05 | ||
| 526 | _aSEG04 | ||
| 526 | _aSEG03 | ||
| 526 | _aSEG02 | ||
| 526 | _aSEG68 | ||
| 526 | _aSEG66 | ||
| 526 | _aSEG45 | ||
| 526 | _aSEG25 | ||
| 526 | _aSEG01 | ||
| 526 | _aP163 | ||
| 526 | _aP162 | ||
| 526 | _aP161 | ||
| 526 | _aP160 | ||
| 526 | _aP159 | ||
| 526 | _aP158 | ||
| 526 | _aP157 | ||
| 526 | _aP156 | ||
| 526 | _aP155 | ||
| 526 | _aP154 | ||
| 526 | _aP153 | ||
| 526 | _aP152 | ||
| 526 | _aP151 | ||
| 526 | _aP150 | ||
| 526 | _aP149 | ||
| 526 | _aP142 | ||
| 526 | _aP141 | ||
| 526 | _aP140 | ||
| 526 | _aP139 | ||
| 526 | _aP138 | ||
| 526 | _aP137 | ||
| 526 | _aP132 | ||
| 526 | _aP131 | ||
| 526 | _aP130 | ||
| 526 | _aP126 | ||
| 526 | _aP125 | ||
| 526 | _aP124 | ||
| 526 | _aP123 | ||
| 526 | _aP115 | ||
| 526 | _aP122 | ||
| 526 | _aP121 | ||
| 526 | _aP116 | ||
| 526 | _a P114 | ||
| 526 | _aP112 | ||
| 526 | _aP111 | ||
| 526 | _aP104 | ||
| 526 | _aP103 | ||
| 526 | _aP102 | ||
| 526 | _aP101 | ||
| 526 | _aP100 | ||
| 526 | _aP96 | ||
| 526 | _aP95 | ||
| 526 | _aP93 | ||
| 526 | _aP92 | ||
| 526 | _aP91 | ||
| 526 | _aP88 | ||
| 526 | _aP83 | ||
| 526 | _aP82 | ||
| 526 | _aP79 | ||
| 526 | _aP78 | ||
| 526 | _aP75 | ||
| 526 | _aP74 | ||
| 526 | _aP71 | ||
| 526 | _aP69 | ||
| 526 | _a P51 | ||
| 526 | _aP49 | ||
| 526 | _aP48 | ||
| 526 | _aP47 | ||
| 526 | _aP33 | ||
| 526 | _aP31 | ||
| 526 | _a P30 | ||
| 526 | _aP29 | ||
| 526 | _aP27 | ||
| 526 | _aP26 | ||
| 526 | _aP25 | ||
| 526 | _aP24 | ||
| 526 | _a P22 | ||
| 526 | _aP10 | ||
| 526 | _aP09 | ||
| 526 | _a P08 | ||
| 526 | _aP06 | ||
| 526 | _aP05 | ||
| 526 | _aP04 | ||
| 526 | _aP01 | ||
| 541 | _g0001-0000056; | ||
| 541 | _g001-003498; | ||
| 650 | 0 | 4 | _aCirugía laparoscópica. |
| 650 | 0 | 4 |
_aAbdomen _x Cirugía. |
| 650 | 0 | 4 | _aLaparoscopic surgery. |
| 650 | 0 | 4 |
_aAbdomen _x Surgery. |
| 700 | 1 |
_aVelásquez Hawkins, Carlos, _eautor. |
|
| 700 | 1 |
_aHuamán Egoávil, Eduardo, _eautor. |
|
| 910 |
_adbm _bncf _cncf _d20171113 |
||
| 942 |
_2ddc _cBOOK |
||
| 994 |
_aC0 _bPEPRU |
||
| 596 | _a1 | ||
| 999 |
_a617.05 V71 _wDEWEY _c25725 _i77122 _d25725 _e2019-8-21 _f2021-11-4 _g4 _lCCODEBUL1 _mBUL _n9 _p200.00 _q6 _r0 _sY _tBOOK _u2017-11-13 _xSALUD _zP30 _0COMPRA _o.CIRCNOTE. Documento de alto precio _o.STAFF. Colección Ciencias de la Salud |
||
| 999 |
_a617.05 V71 _wDEWEY _c2 _i77123 _d2019-11-3 _e2019-10-31 _f2021-11-4 _g4 _lCCODEBUL1 _mBUL _n19 _p200.00 _q9 _r0 _sY _tBOOK _u2017-11-13 _xSALUD _zP30 _0COMPRA _o.CIRCNOTE. Documento de alto precio _o.STAFF. Colección Ciencias de la Salud |
||
| 999 |
_a617.05 V71 _wDEWEY _c3 _i77124 _d2019-10-9 _e2019-10-1 _f2021-11-4 _g5 _lCCODEBUL1 _mBUL _n12 _p200.00 _q7 _r0 _sY _tBOOK _u2017-11-13 _xSALUD _zP30 _0COMPRA _o.CIRCNOTE. Documento de alto precio _o.STAFF. Colección Ciencias de la Salud |
||
| 999 |
_a617.05 V71 _wDEWEY _c4 _i78652 _d2019-12-1 _e2019-10-3 _f2021-11-4 _g4 _lCCODEBUL1 _mBUL _n15 _p550.00 _q6 _r0 _sY _tBOOK _u2018-5-31 _xSALUD _zP30 _0COMPRA _o.STAFF. Colección Ciencias de la Salud |
||
| 980 |
_81 _gALBERTO SANCHEZ Responsable de Automatización |
||